<?xml version="1.0" encoding="UTF-8"?>
<marc:record xmlns:marc="http://www.loc.gov/MARC21/slim">
   <marc:leader>00000nam a2200000 a 4500</marc:leader>
   <marc:datafield ind1="1" ind2=" " tag="100">
      <marc:subfield code="a">Jones, Brynmor Llewelyn</marc:subfield>
      <marc:subfield code="4">aut</marc:subfield>
      <marc:subfield code="e">Verfasser/-in</marc:subfield>
   </marc:datafield>
   <marc:datafield ind1="1" ind2=" " tag="100">
      <marc:subfield code="a">Münster, Reinhard</marc:subfield>
      <marc:subfield code="4">aut</marc:subfield>
      <marc:subfield code="e">Verfasser/-in</marc:subfield>
   </marc:datafield>
   <marc:datafield ind1="1" ind2=" " tag="100">
      <marc:subfield code="a">Katz, Pamela</marc:subfield>
      <marc:subfield code="4">aut</marc:subfield>
      <marc:subfield code="e">Verfasser/-in</marc:subfield>
   </marc:datafield>
   <marc:datafield ind1="1" ind2=" " tag="100">
      <marc:subfield code="a">Hörbiger, Christiane</marc:subfield>
   </marc:datafield>
   <marc:datafield ind1="1" ind2=" " tag="100">
      <marc:subfield code="a">Thalbach, Katharina</marc:subfield>
   </marc:datafield>
   <marc:datafield ind1="1" ind2=" " tag="100">
      <marc:subfield code="a">Hübchen, Theresa</marc:subfield>
   </marc:datafield>
   <marc:datafield ind1="1" ind2=" " tag="100">
      <marc:subfield code="a">Juhnke, Harald</marc:subfield>
   </marc:datafield>
   <marc:datafield ind1="1" ind2=" " tag="100">
      <marc:subfield code="a">Martens, Florian</marc:subfield>
   </marc:datafield>
   <marc:datafield ind1="0" ind2="0" tag="245">
      <marc:subfield code="a">Alles auf Anfang</marc:subfield>
   </marc:datafield>
   <marc:datafield ind1="0" ind2="0" tag="245">
      <marc:subfield code="c">Schauspieler: Florian Martens, Harald Juhnke, Theresa Hübchen, Katharina Thalbach, Christiane Hörbiger, Udo Samel; Montage: Tanja Schmidbauer; Musik: Brynmor Llewelyn Jones; Kamera: Axel Block; Drehbuch: Reinhard Münster, Pamela Katz; Regie: Reinhard Müns</marc:subfield>
   </marc:datafield>
   <marc:datafield ind1=" " ind2="1" tag="264">
      <marc:subfield code="a">Potsdam</marc:subfield>
      <marc:subfield code="b">filmwerte GmbH</marc:subfield>
      <marc:subfield code="c">2022</marc:subfield>
   </marc:datafield>
   <marc:datafield ind1="1" ind2=" " tag="520">
      <marc:subfield code="a">In Alles auf Anfang dreht sich alles um die Erfolgsgeschichte des Regisseurs Viktor Rote (Udo Samel). Dieser ist außerordentlich erfolgreich mit seinem neuesten Film. Das Drehbuch dazu stammt jedoch aus der Feder seines Bruders Richard, was er dem Studiochef Georg Kuballa (Harald Juhnke) bisher erfolgreich verschwiegen hat. Der will nun auf Druck seiner Ehefrau (Christiane Hörbiger), die zugleich Eigentümerin seiner Firma ist, einen zweiten Teil von "Die Blechkatze" drehen. Problematisch ist für Viktor auch seine private Situation - während seine Frau (Katharina Thalbach) sich noch im Erfolg sonnt, bringt ihn seine Geliebte Nina immer mehr in Schwierigkeiten.</marc:subfield>
   </marc:datafield>
   <marc:datafield ind1=" " ind2=" " tag="041">
      <marc:subfield code="a">ger</marc:subfield>
   </marc:datafield>
   <marc:datafield ind1=" " ind2=" " tag="300">
      <marc:subfield code="a">1 Online-Ressource (81 min), Bild: 16:9 HD</marc:subfield>
   </marc:datafield>
</marc:record>
